000 01083cam a2200361 a 4500
001 8497557
003 ARRUPE
005 20150429020006.0
008 100528s2010 enk b 001 0 eng
020 _a9781844652389 (hbk.)
020 _a1844652386 (hbk.)
020 _a1844652394 (pbk.)
020 _a9781844652396 (pbk.)
024 _a40018939514
035 _a(OCoLC)ocn648100601
035 _a(OCoLC)648100601
_z(OCoLC)574188257
_z(OCoLC)574188260
035 _a(NNC)8497557
040 _aUKM
_cUKM
_dYDXCP
_dERASA
_dCDX
_dBWK
_dNNC
050 4 _aB2798
_b.I55 2011
082 0 4 _a193
_222
245 0 0 _aImmanuel Kant :
_bkey concepts /
_cedited by Will Dudley and Kristina Engelhard.
260 _aDurham :
_bAcumen,
_c2010.
263 _a201011
300 _ax, 237 p. ;
_c22 cm.
600 1 0 _aKant, Immanuel,
_d1724-1804.
_9225
700 1 _aDudley, Will,
_d1967-
_9226
700 1 _aEngelhard, Kristina.
_9227
942 _2lcc
_cMONOGRAPH
_011
948 0 _a20110225
_bx
_cybp21
_dMPS
948 1 _a20110301
_bc
_cmw18
_dMPS
949 _i0070017700
999 _c117801
_d117801